000 00540nam a2200169Ia 4500
008 090201s9999 xx 000 0 und d
010 _aKPL-60537
040 _bमराठी
041 _aमराठी
082 _a2112
_b60537
100 _aयशवंत पाठक
245 _aमोहर मैत्रीचा
_cयशवंत पाठक
260 _c2004
_bमॅजेस्टिक प्रकाशन
300 _a149
_bमोठा
600 _aमोहर मैत्रीचा
942 _cBOOK
999 _c203189
_d203189